Central Library OPAC University of Rajshahi

The complete poems of D. H. Lawrence / (Record no. 18830)

MARC details
000 -LEADER
fixed length control field 00861cam a2200253 a 4500
001 - CONTROL NUMBER
control field 18830
003 - CONTROL NUMBER IDENTIFIER
rucl marc code BD-RjUL
005 - DATE AND TIME OF LATEST TRANSACTION
control field 20211209000336.0
008 - FIXED-LENGTH DATA ELEMENTS--GENERAL INFORMATION
fixed length control field 140222s1964 enk 001 p eng c
035 ## - SYSTEM CONTROL NUMBER
System control number (BD-RjUL)18888
040 ## - CATALOGING SOURCE
Original cataloging agency UkBU
Modifying agency BD-RjUL
Language of cataloging eng
Transcribing agency UkBU
041 ## - LANGUAGE CODE
Language code of text/sound track or separate title eng
082 00 - DEWEY DECIMAL CLASSIFICATION NUMBER
Classification number 821.912
Author mark and year LAC V-1 1964
100 1# - MAIN ENTRY--PERSONAL NAME
Personal name Lawrence, D. H.
Fuller form of name (David Herbert),
Dates associated with a name 1885-1930.
9 (RLIN) 58060
245 14 - TITLE STATEMENT
Title The complete poems of D. H. Lawrence /
Statement of responsibility, etc. collected and edited with an introduction and notes by Vivian de Sola Pinto and Warren Roberts.
Number of part/section of a work volume one
260 ## - PUBLICATION, DISTRIBUTION, ETC. (IMPRINT)
Place of publication, distribution, etc. London :
Name of publisher, distributor, etc. Heinemann,
Date of publication, distribution, etc. c1964.
300 ## - PHYSICAL DESCRIPTION
Pagination 565 p. ;
Size 22 cm.
650 #0 - SUBJECT ADDED ENTRY--TOPICAL TERM
Topical term or geographic name as entry element English poetry
Chronological subdivision 20th century.
9 (RLIN) 58061
700 1# - ADDED ENTRY--PERSONAL NAME
Personal name Pinto, Vivian de Sola,
Dates associated with a name 1895-
Personal name Roberts, Warren,
Dates associated with a name 1916-
942 ## - ADDED ENTRY ELEMENTS (KOHA)
Source of classification or shelving scheme Dewey Decimal Classification
Koha item type Books
Holdings
Lost status Source of classification or shelving scheme Damaged status Not for loan Collection code Permanent Location Current Location Shelving location Date acquired Source of acquisition Cost, normal purchase price Total Checkouts Full call number Date last seen Copy number Koha item type
  Dewey Decimal Classification     Fiction Central Library, University of Rajshahi Central Library, University of Rajshahi   15/10/1965 B. H. Blackwell 126.00   821.912 LAC V-1 1964 22/02/2014 C-2 Books